Peterson's master the GMAT 2008 / (Record no. 25724)
[ view plain ]
| 000 -LEADER | |
|---|---|
| fixed length control field | 02099 a2200313 4500 |
| 005 - DATE AND TIME OF LATEST TRANSACTION | |
| control field | 20090409152416.0 |
| 008 - FIXED-LENGTH DATA ELEMENTS--GENERAL INFORMATION | |
| fixed length control field | 090409t xxu||||| |||| 00| 0 eng d |
| 010 ## - LCCN (DPL NO) | |
| LC control number | B-307672-676 |
| 020 ## - INTERNATIONAL STANDARD BOOK NUMBER | |
| International Standard Book Number | 9780768924480 |
| Terms of availability | ($35.99) 1842.68 |
| 035 ## - SYSTEM CONTROL NUMBER | |
| System control number | B-307672-676 |
| 037 ## - SOURCE OF ACQUISITION | |
| Source of stock number/acquisition | UBH |
| 040 ## - CATALOGING SOURCE | |
| Original cataloging agency | dpl |
| Language of cataloging | English |
| 082 ## - DEWEY DECIMAL CLASSIFICATION NUMBER | |
| Classification number | 000 |
| 100 ## - MAIN ENTRY--PERSONAL NAME | |
| Personal name | Stewart, Mark Alan |
| 245 ## - TITLE STATEMENT | |
| Title | Peterson's master the GMAT 2008 / |
| Statement of responsibility, etc | by Mark Alan Stewart; edited by Therese DeAngelis |
| 260 ## - PUBLICATION, DISTRIBUTION, ETC. (IMPRINT) | |
| Place of publication, distribution, etc | Lawrenceceville |
| Name of publisher, distributor, etc | Peterson |
| Date of publication, distribution, etc | 2008 |
| 270 ## - ADDRESS | |
| Address | Peterson's, a Nelnet Co., 2000 Lenox Drive |
| City | Lawrenceville |
| Postal code | NJ 08648 |
| Fax number | www.petersons.com/booksurvey |
| 300 ## - PHYSICAL DESCRIPTION | |
| Extent | xvii, 696p. |
| Dimensions | 25cm. (pbk) |
| 700 ## - ADDED ENTRY--PERSONAL NAME | |
| Personal name | DeAngelis, Therese |
| 942 ## - ADDED ENTRY ELEMENTS (KOHA) | |
| Institution code [OBSOLETE] | dpl |
| Item type | English Books |
| Source of classification or shelving scheme | Dewey Decimal Classification |
| Classification part | 000 |
| Call number suffix | STE |
| Withdrawn status | Lost status | Source of classification or shelving scheme | Damaged status | Not for loan | Collection code | Home library | Current library | Date acquired | Source of acquisition | Cost, normal purchase price | Total Checkouts | Full call number | Barcode | Date last seen | Copy number | Cost, replacement price | Koha item type | Total Renewals |
|---|---|---|---|---|---|---|---|---|---|---|---|---|---|---|---|---|---|---|
| Dewey Decimal Classification | Not For Loan | Non-fiction | Central Library | Central Library | 09/04/2009 | UBH/236/10.11.08/99/16.5.08/17.11.08 | 0.00 | 000 STE | B-307672 | 09/04/2009 | 1 | 0.00 | Reference Books | |||||
| Dewey Decimal Classification | Not For Loan | Non-fiction | Sarojini Nagar | Janak Puri | 09/04/2009 | UBH/236/10.11.08/99/16.5.08/17.11.08 | 0.00 | 000 STE | B-307674 | 06/10/2009 | 1 | 0.00 | Reference Books | |||||
| Dewey Decimal Classification | Not For Loan | Non-fiction | Karol Bagh | Karol Bagh | 09/04/2009 | UBH/236/10.11.08/99/16.5.08/17.11.08 | 0.00 | 000 STE | B-307675 | 09/04/2009 | 1 | 0.00 | Reference Books | |||||
| Dewey Decimal Classification | Non-fiction | Patel Nagar | Patel Nagar | 09/04/2009 | UBH/236/10.11.08/99/16.5.08/17.11.08 | 0.00 | 10 | 000 STE | B-307673 | 18/12/2024 | 1 | 0.00 | English Books | 6 | ||||
| Dewey Decimal Classification | Not For Loan | Non-fiction | Shahdara Branch | Shahdara Branch | 09/04/2009 | UBH/236/10.11.08/99/16.5.08/17.11.08 | 0.00 | 000 STE | B-307676 | 09/04/2009 | 1 | 0.00 | Reference Books | |||||
| Dewey Decimal Classification | Non-fiction | Vinoba Puri | Vinoba Puri | 09/04/2009 | UBH/141/25.8.08/175/21.7.08/29.8.08 | 0.00 | 1 | 000 STE | B-284944 | 01/09/2023 | 1 | 0.00 | English Books |
